[Event "Najdorf Memorial"]
[Site "Warsaw POL"]
[Date "2021.07.13"]
[Round "4.18"]
[White "Dzhuguryan, Tygran"]
[Black "Godzwon, Iwo"]
[Result "1-0"]
[WhiteElo "2176"]
[BlackElo "2375"]
[EventDate "2021.07.10"]
[PlyCount "225"]
[LiveChessVersion "1.4.8"]

1.d4 {[%clk 1:30:56]} 1...Nf6 {[%clk 1:30:57]} 2.c4 {[%clk 1:31:07]} 2...e6
{[%clk 1:31:14]} 3.a3 {[%clk 1:31:09]} 3...b6 {[%clk 1:31:17]} 4.Nc3 {[%clk
1:31:32]} 4...Bb7 {[%clk 1:31:44]} 5.d5 {[%clk 1:31:49]} 5...d6 {[%clk 1:24:46]}
6.g3 {[%clk 1:31:51]} 6...c5 {[%clk 1:18:21]} 7.Bg2 {[%clk 1:32:15]} 7...Be7
{[%clk 1:17:36]} 8.Nh3 {[%clk 1:28:15]} 8...Na6 {[%clk 1:12:46]} 9.O-O {[%clk
1:28:22]} 9...e5 {[%clk 1:07:07]} 10.f4 {[%clk 1:26:59]} 10...Nd7 {[%clk
1:04:10]} 11.f5 {[%clk 1:17:02]} 11...Nc7 {[%clk 1:04:12]} 12.b4 {[%clk
1:15:33]} 12...O-O {[%clk 0:57:00]} 13.b5 {[%clk 1:03:09]} 13...a6 {[%clk
0:56:34]} 14.e4 {[%clk 1:01:36]} 14...h6 {[%clk 0:51:57]} 15.Be3 {[%clk
1:01:35]} 15...Nf6 {[%clk 0:51:58]} 16.Nf2 {[%clk 1:01:55]} 16...Kh7 {[%clk
0:48:11]} 17.Qd2 {[%clk 1:01:15]} 17...Ng8 {[%clk 0:48:33]} 18.h4 {[%clk
1:01:25]} 18...Ne8 {[%clk 0:48:32]} 19.a4 {[%clk 1:01:06]} 19...g6 {[%clk
0:43:55]} 20.Bh3 {[%clk 0:59:56]} 20...axb5 {[%clk 0:42:42]} 21.cxb5 {[%clk
0:58:36]} 21...Bc8 {[%clk 0:39:59]} 22.Nd3 {[%clk 0:58:18]} 22...Rb8 {[%clk
0:26:10]} 23.Kg2 {[%clk 0:57:24]} 23...g5 {[%clk 0:23:51]} 24.h5 {[%clk
0:56:30]} 24...Ngf6 {[%clk 0:21:49]} 25.g4 {[%clk 0:56:46]} 25...Nc7 {[%clk
0:22:16]} 26.Nf2 {[%clk 0:55:35]} 26...Bd7 {[%clk 0:21:36]} 27.Qd3 {[%clk
0:55:53]} 27...Ra8 {[%clk 0:21:35]} 28.Qc4 {[%clk 0:55:20]} 28...Qb8 {[%clk
0:22:03]} 29.Rfb1 {[%clk 0:54:52]} 29...Qb7 {[%clk 0:22:09]} 30.Kg3 {[%clk
0:53:31]} 30...Ra5 {[%clk 0:21:44]} 31.Ra2 {[%clk 0:53:52]} 31...Rfa8 {[%clk
0:22:08]} 32.Rbb2 {[%clk 0:54:15]} 32...Kg7 {[%clk 0:22:10]} 33.Bf1 {[%clk
0:54:27]} 33...Bd8 {[%clk 0:20:32]} 34.Qb3 {[%clk 0:54:47]} 34...Nce8 {[%clk
0:20:35]} 35.Bc4 {[%clk 0:54:59]} 35...Rb8 {[%clk 0:20:55]} 36.Qc2 {[%clk
0:54:13]} 36...Bc7 {[%clk 0:20:38]} 37.Qe2 {[%clk 0:54:22]} 37...Qc8 {[%clk
0:20:52]} 38.Nh3 {[%clk 0:52:40]} 38...Nh7 {[%clk 0:20:57]} 39.Ng1 {[%clk
0:52:51]} 39...Raa8 {[%clk 0:19:51]} 40.Nf3 {[%clk 1:22:53]} 40...Qd8 {[%clk
0:50:18]} 41.Nd2 {[%clk 1:22:49]} 41...Nhf6 {[%clk 0:50:18]} 42.Qf3 {[%clk
1:22:16]} 42...Rb7 {[%clk 0:50:26]} 43.Be2 {[%clk 1:22:16]} 43...Rab8 {[%clk
0:49:14]} 44.Nc4 {[%clk 1:22:35]} 44...Kh7 {[%clk 0:40:01]} 45.Qh1 {[%clk
1:22:00]} 45...Bc8 {[%clk 0:38:52]} 46.Bf3 {[%clk 1:22:23]} 46...Nd7 {[%clk
0:39:08]} 47.Rb3 {[%clk 1:20:45]} 47...Ra8 {[%clk 0:37:19]} 48.Qb1 {[%clk
1:21:02]} 48...Rab8 {[%clk 0:33:37]} 49.Bd2 {[%clk 1:21:17]} 49...Qf6 {[%clk
0:30:13]} 50.Nd1 {[%clk 1:21:22]} 50...Ra8 {[%clk 0:30:23]} 51.Nde3 {[%clk
1:21:33]} 51...Rba7 {[%clk 0:29:42]} 52.Rba3 {[%clk 1:20:09]} 52...Qd8 {[%clk
0:30:06]} 53.Be2 {[%clk 1:19:50]} 53...Nef6 {[%clk 0:30:26]} 54.Bc3 {[%clk
1:19:07]} 54...Kg8 {[%clk 0:28:50]} 55.Bd3 {[%clk 1:18:12]} 55...Kh7 {[%clk
0:29:18]} 56.Qe1 {[%clk 1:16:00]} 56...Nb8 {[%clk 0:28:13]} 57.Kf3 {[%clk
1:14:24]} 57...Nfd7 {[%clk 0:28:38]} 58.Qa1 {[%clk 1:14:18]} 58...Kg7 {[%clk
0:20:32]} 59.a5 {[%clk 1:14:22]} 59...bxa5 {[%clk 0:20:57]} 60.Nxa5 {[%clk
1:14:35]} 60...Bb6 {[%clk 0:17:20]} 61.Nec4 {[%clk 1:13:57]} 61...Qc7 {[%clk
0:17:48]} 62.Nc6 {[%clk 1:12:35]} 62...Rxa3 {[%clk 0:18:16]} 63.Rxa3 {[%clk
1:12:54]} 63...Rxa3 {[%clk 0:18:43]} 64.Qxa3 {[%clk 1:13:12]} 64...Bb7 {[%clk
0:19:09]} 65.Ba5 {[%clk 1:09:53]} 65...Bxc6 {[%clk 0:15:38]} 66.dxc6 {[%clk
1:08:32]} 66...Nxc6 {[%clk 0:14:31]} 67.bxc6 {[%clk 1:08:50]} 67...Qxc6 {[%clk
0:15:00]} 68.Bxb6 {[%clk 1:07:54]} 68...d5 {[%clk 0:15:28]} 69.Bd8 {[%clk
1:07:15]} 69...dxc4 {[%clk 0:15:40]} 70.Bxc4 {[%clk 1:07:36]} 70...Qc8 {[%clk
0:15:50]} 71.f6+ {[%clk 1:04:19]} 71...Kg8 {[%clk 0:14:45]} 72.Qa5 {[%clk
1:02:51]} 72...Qb8 {[%clk 0:14:18]} 73.Qc7 {[%clk 1:03:13]} 73...Qb1 {[%clk
0:14:45]} 74.Bxf7+ {[%clk 1:03:24]} 74...Kh8 {[%clk 0:15:04]} 75.Qa5 {[%clk
0:48:28]} 75...Qd3+ {[%clk 0:11:45]} 76.Kf2 {[%clk 0:48:48]} 76...Qd4+ {[%clk
0:12:10]} 77.Ke1 {[%clk 0:47:51]} 77...Qxe4+ {[%clk 0:11:11]} 78.Kd2 {[%clk
0:48:16]} 78...Qd4+ {[%clk 0:11:05]} 79.Kc1 {[%clk 0:47:44]} 79...Qg1+ {[%clk
0:10:17]} 80.Kc2 {[%clk 0:45:28]} 80...Qxg4 {[%clk 0:10:12]} 81.Be7 {[%clk
0:45:11]} 81...Qe4+ {[%clk 0:10:38]} 82.Kc1 {[%clk 0:43:10]} 82...Qf4+ {[%clk
0:07:57]} 83.Kb2 {[%clk 0:42:00]} 83...Qd4+ {[%clk 0:08:14]} 84.Ka2 {[%clk
0:41:58]} 84...Qf2+ {[%clk 0:07:37]} 85.Ka3 {[%clk 0:41:47]} 85...Qe3+ {[%clk
0:08:04]} 86.Kb2 {[%clk 0:36:48]} 86...Qe2+ {[%clk 0:07:16]} 87.Kb3 {[%clk
0:34:32]} 87...Qd3+ {[%clk 0:07:12]} 88.Qc3 {[%clk 0:34:20]} 88...Qb1+ {[%clk
0:07:26]} 89.Ka3 {[%clk 0:34:20]} 89...Qb5 {[%clk 0:07:49]} 90.Bc4 {[%clk
0:34:17]} 90...Qb8 {[%clk 0:07:56]} 91.Bb3 {[%clk 0:26:21]} 91...Qa8+ {[%clk
0:06:57]} 92.Kb2 {[%clk 0:26:41]} 92...Qg2+ {[%clk 0:07:23]} 93.Bc2 {[%clk
0:25:59]} 93...Qb7+ {[%clk 0:07:34]} 94.Kc1 {[%clk 0:25:26]} 94...Qh1+ {[%clk
0:07:35]} 95.Bd1 {[%clk 0:25:54]} 95...Qf1 {[%clk 0:07:35]} 96.Qf3 {[%clk
0:25:41]} 96...Qc4+ {[%clk 0:08:00]} 97.Kd2 {[%clk 0:26:03]} 97...Qd4+ {[%clk
0:07:12]} 98.Qd3 {[%clk 0:26:05]} 98...Qf2+ {[%clk 0:07:26]} 99.Kc3 {[%clk
0:25:02]} 99...Nxf6 {[%clk 0:07:39]} 100.Kc4 {[%clk 0:21:12]} 100...Qa2+ {[%clk
0:07:20]} 101.Kb5 {[%clk 0:18:54]} 101...Nd5 {[%clk 0:04:46]} 102.Bb3 {[%clk
0:17:25]} 102...Qa6+ {[%clk 0:05:12]} 103.Kxa6 {[%clk 0:17:52]} 103...Nb4+
{[%clk 0:05:39]} 104.Kb5 {[%clk 0:17:11]} 104...Nxd3 {[%clk 0:06:07]} 105.Bf6+
{[%clk 0:16:37]} 105...Kh7 {[%clk 0:06:34]} 106.Bf7 {[%clk 0:16:04]} 106...e4
{[%clk 0:06:15]} 107.Bg6+ {[%clk 0:16:20]} 107...Kg8 {[%clk 0:06:43]} 108.Bxe4
{[%clk 0:16:33]} 108...Nf4 {[%clk 0:07:01]} 109.Bf3 {[%clk 0:16:41]} 109...Kf7
{[%clk 0:07:29]} 110.Bc3 {[%clk 0:16:38]} 110...Ke6 {[%clk 0:07:44]} 111.Bg4+
{[%clk 0:16:51]} 111...Kd5 {[%clk 0:02:46]} 112.Bg7 {[%clk 0:17:17]} 112...c4
{[%clk 0:03:14]} 113.Bxh6 1-0

[Event "Najdorf Memorial"]
[Site "Warsaw POL"]
[Date "2021.07.13"]
[Round "4.19"]
[White "Kacprzak, Karol"]
[Black "Zylka, Stanislaw"]
[Result "1-0"]
[WhiteElo "2151"]
[BlackElo "2362"]
[EventDate "2021.07.10"]
[PlyCount "105"]
[LiveChessVersion "1.4.8"]

1.e4 g6 2.d4 Bg7 3.Nf3 d6 4.Nc3 a6 5.a4 Nf6 6.Bc4 O-O 7.O-O Nc6 8.d5 Na5 9.Be2
c5 10.Nd2 e6 11.Nc4 Nxc4 12.Bxc4 e5 13.a5 Rb8 14.Bd2 Bd7 15.Qe1 Nh5 16.Na4 f5
17.f3 f4 18.b4 cxb4 19.Nb6 Be8 20.Bxb4 g5 21.Be2 Rf6 22.c4 Bf8 23.Rc1 Rg6 24.c5
dxc5 25.Bxc5 Bxc5+ 26.Rxc5 g4 27.Qc3 Ng3 28.hxg3 fxg3 29.Qe3 Qh4 30.Rfc1 gxf3
31.Bxf3 Bb5 32.Rc8+ Rxc8 33.Rxc8+ Kg7 34.Rc7+ Kh8 35.Nc4 Rc6 36.Rxc6 bxc6
37.Qc5 Qh6 38.Qe3 Qh2+ 39.Kf1 Qh1+ 40.Ke2 Bxc4+ 41.Kd2 Qf1 42.dxc6 Qb1 43.Qc3
Qb5 44.c7 Qd7+ 45.Kc1 Be6 46.Qxe5+ Kg8 47.Qxg3+ Kf8 48.Qe5 Qc6+ 49.Kd2 Qc4
50.Be2 Qb4+ 51.Ke3 Qa3+ 52.Kf2 Qc1 53.Qf6+ 1-0

[Event "Najdorf Memorial"]
[Site "Warsaw POL"]
[Date "2021.07.13"]
[Round "4.20"]
[White "Lukasiewicz, Krzysztof"]
[Black "Kaczmarek, Arkadiusz"]
[Result "0-1"]
[WhiteElo "2359"]
[BlackElo "2147"]
[EventDate "2021.07.10"]
[PlyCount "118"]
[LiveChessVersion "1.4.8"]

1.d4 d5 2.c4 c6 3.Nc3 Nf6 4.e3 e6 5.Nf3 Nbd7 6.Be2 b6 7.O-O Bd6 8.b3 O-O 9.Bb2
Bb7 10.Bd3 Re8 11.Re1 dxc4 12.bxc4 e5 13.Qc2 Qe7 14.Ne4 Nxe4 15.Bxe4 g6 16.c5
bxc5 17.Rac1 Rab8 18.dxe5 Nxe5 19.Red1 Nxf3+ 20.Bxf3 Be5 21.Bxe5 Qxe5 22.Qxc5
Qxc5 23.Rxc5 Red8 24.Rb1 Ba8 25.Rxb8 Rxb8 26.h3 Rb6 27.a4 Kf8 28.Kh2 Ke7 29.Kg3
Kd6 30.Rc4 a5 31.Rd4+ Ke6 32.Re4+ Kd6 33.Rd4+ Ke6 34.Re4+ Kd6 35.Kf4 f6 36.Rd4+
Ke6 37.e4 h5 38.Rd8 Bb7 39.g4 g5+ 40.Ke3 Rb3+ 41.Rd3 Rxd3+ 42.Kxd3 Ba6+ 43.Kd4
hxg4 44.Bxg4+ Kd6 45.e5+ fxe5+ 46.Ke4 c5 47.Kf5 Bd3+ 48.Kxg5 c4 49.h4 c3 50.Bd1
c2 51.Bxc2 Bxc2 52.h5 Ke6 53.h6 Bh7 54.Kg4 Kf6 55.Kf3 Kg5 56.Ke3 Kxh6 57.f4 e4
58.Kd4 Kh5 59.Kc4 e3 0-1

[Event "Najdorf Memorial"]
[Site "Warsaw POL"]
[Date "2021.07.13"]
[Round "4.21"]
[White "Ustianovich, Nazar"]
[Black "Leskiewicz, Ignacy"]
[Result "1-0"]
[WhiteElo "2358"]
[BlackElo "2135"]
[EventDate "2021.07.10"]
[PlyCount "53"]
[LiveChessVersion "1.4.8"]

1.e4 {[%clk 1:15:30]} 1...c5 {[%clk 1:30:11]} 2.Nf3 {[%clk 1:15:46]} 2...e6
{[%clk 1:30:36]} 3.d4 {[%clk 1:14:30]} 3...cxd4 {[%clk 1:30:59]} 4.Nxd4 {[%clk
1:14:59]} 4...Nc6 {[%clk 1:31:19]} 5.Nc3 {[%clk 1:10:49]} 5...Qc7 {[%clk
1:31:42]} 6.Ndb5 {[%clk 1:00:34]} 6...Qb8 {[%clk 1:31:49]} 7.a4 {[%clk 1:00:57]}
7...Nf6 {[%clk 1:30:31]} 8.Bd3 {[%clk 0:52:46]} 8...Bb4 {[%clk 1:25:41]} 9.O-O
{[%clk 0:53:02]} 9...h5 {[%clk 1:14:24]} 10.f4 {[%clk 0:42:12]} 10...Bc5+
{[%clk 0:55:42]} 11.Kh1 {[%clk 0:42:41]} 11...Ng4 {[%clk 0:52:51]} 12.e5 {[%clk
0:36:22]} 12...Nf2+ {[%clk 0:43:44]} 13.Rxf2 {[%clk 0:36:38]} 13...Bxf2 {[%clk
0:44:12]} 14.Ne4 {[%clk 0:35:17]} 14...Bh4 {[%clk 0:42:41]} 15.Nbd6+ {[%clk
0:33:19]} 15...Kf8 {[%clk 0:42:54]} 16.a5 {[%clk 0:27:28]} 16...Be7 {[%clk
0:38:34]} 17.b3 {[%clk 0:24:04]} 17...f5 {[%clk 0:37:08]} 18.Ng5 {[%clk
0:13:35]} 18...Bxg5 {[%clk 0:34:30]} 19.fxg5 {[%clk 0:14:02]} 19...g6 {[%clk
0:35:00]} 20.Ba3 {[%clk 0:14:06]} 20...Kg8 {[%clk 0:29:31]} 21.Nxf5 {[%clk
0:12:01]} 21...Qxe5 {[%clk 0:26:34]} 22.Bd6 {[%clk 0:11:46]} 22...Qc3 {[%clk
0:24:52]} 23.Nh6+ {[%clk 0:11:11]} 23...Rxh6 {[%clk 0:20:26]} 24.gxh6 {[%clk
0:11:36]} 24...b5 {[%clk 0:19:32]} 25.a6 {[%clk 0:08:56]} 25...Qd4 {[%clk
0:17:23]} 26.Qf1 {[%clk 0:03:32]} 26...Bxa6 {[%clk 0:15:22]} 27.Bxg6 {[%clk
0:03:52]} 1-0

[Event "Najdorf Memorial"]
[Site "Warsaw POL"]
[Date "2021.07.13"]
[Round "4.22"]
[White "Musial, Tomasz"]
[Black "Suvorov, Alexander"]
[Result "1/2-1/2"]
[WhiteElo "2121"]
[BlackElo "2353"]
[EventDate "2021.07.10"]
[PlyCount "98"]
[LiveChessVersion "1.4.8"]

1.d4 {[%clk 1:30:57]} 1...Nf6 {[%clk 1:30:47]} 2.c4 {[%clk 1:31:23]} 2...g6
{[%clk 1:30:57]} 3.g3 {[%clk 1:30:51]} 3...Bg7 {[%clk 1:31:12]} 4.Bg2 {[%clk
1:31:14]} 4...O-O {[%clk 1:31:24]} 5.Nf3 {[%clk 1:30:31]} 5...d6 {[%clk
1:31:37]} 6.O-O {[%clk 1:30:54]} 6...Nc6 {[%clk 1:31:59]} 7.Nc3 {[%clk 1:31:15]}
7...a6 {[%clk 1:32:16]} 8.Qc2 {[%clk 1:30:06]} 8...Bd7 {[%clk 1:32:12]} 9.Rd1
{[%clk 1:26:18]} 9...Rb8 {[%clk 1:32:00]} 10.e4 {[%clk 1:26:41]} 10...Bg4
{[%clk 1:31:41]} 11.Ne2 {[%clk 1:20:15]} 11...Nd7 {[%clk 1:30:28]} 12.Be3
{[%clk 1:16:46]} 12...Nb4 {[%clk 1:28:56]} 13.Qd2 {[%clk 1:02:49]} 13...c5
{[%clk 1:27:02]} 14.h3 {[%clk 0:57:16]} 14...Bxf3 {[%clk 1:22:55]} 15.Bxf3
{[%clk 0:57:44]} 15...Nc6 {[%clk 1:21:31]} 16.Rac1 {[%clk 0:56:02]} 16...cxd4
{[%clk 0:50:44]} 17.Nxd4 {[%clk 0:56:21]} 17...Nxd4 {[%clk 0:50:38]} 18.Bxd4
{[%clk 0:56:45]} 18...Bxd4 {[%clk 0:50:15]} 19.Qxd4 {[%clk 0:57:09]} 19...Qc7
{[%clk 0:44:25]} 20.c5 {[%clk 0:31:40]} 20...Ne5 {[%clk 0:29:47]} 21.Bg2 {[%clk
0:29:25]} 21...dxc5 {[%clk 0:25:06]} 22.Rxc5 {[%clk 0:25:11]} 22...Nc6 {[%clk
0:25:07]} 23.Qc3 {[%clk 0:24:13]} 23...e5 {[%clk 0:23:24]} 24.Bf1 {[%clk
0:21:29]} 24...Qb6 {[%clk 0:22:22]} 25.Rd6 {[%clk 0:19:51]} 25...Rbd8 {[%clk
0:21:07]} 26.Rcd5 {[%clk 0:19:25]} 26...Rxd6 {[%clk 0:17:18]} 27.Rxd6 {[%clk
0:19:49]} 27...Qc7 {[%clk 0:16:25]} 28.Qc5 {[%clk 0:17:12]} 28...Rc8 {[%clk
0:15:54]} 29.Kg2 {[%clk 0:15:30]} 29...Qe7 {[%clk 0:12:44]} 30.Rd5 {[%clk
0:07:38]} 30...Qxc5 {[%clk 0:09:03]} 31.Rxc5 {[%clk 0:07:59]} 31...Kf8 {[%clk
0:09:00]} 32.b4 {[%clk 0:08:08]} 32...Ke7 {[%clk 0:08:13]} 33.b5 {[%clk
0:07:53]} 33...axb5 {[%clk 0:08:16]} 34.Bxb5 {[%clk 0:06:35]} 34...f6 {[%clk
0:08:45]} 35.a4 {[%clk 0:03:08]} 35...Na7 {[%clk 0:08:29]} 36.Rd5 {[%clk
0:01:48]} 36...Rc7 {[%clk 0:08:57]} 37.h4 {[%clk 0:01:15]} 37...Nc8 {[%clk
0:08:39]} 38.Rd2 {[%clk 0:00:39]} 38...Nd6 {[%clk 0:08:44]} 39.Bd3 {[%clk
0:00:54]} 39...Rc3 {[%clk 0:08:53]} 40.f3 {[%clk 0:30:39]} 40...Ra3 {[%clk
0:33:10]} 41.Bb5 {[%clk 0:26:20]} 41...Rb3 {[%clk 0:28:35]} 42.Be2 {[%clk
0:25:07]} 42...Ra3 {[%clk 0:20:53]} 43.Bb5 {[%clk 0:23:54]} 43...f5 {[%clk
0:20:23]} 44.exf5 {[%clk 0:23:07]} 44...gxf5 {[%clk 0:20:38]} 45.Rc2 {[%clk
0:20:06]} 45...h5 {[%clk 0:08:56]} 46.Rc7+ {[%clk 0:17:51]} 46...Ke6 {[%clk
0:09:13]} 47.Rh7 {[%clk 0:16:12]} 47...e4 {[%clk 0:09:34]} 48.fxe4 {[%clk
0:16:07]} 48...Nxe4 {[%clk 0:09:55]} 49.Rxb7 {[%clk 0:14:06]} 49...Rxg3+ {[%clk
0:05:04]} 1/2-1/2

[Event "Najdorf Memorial"]
[Site "Warsaw POL"]
[Date "2021.07.13"]
[Round "4.23"]
[White "Kowalski, Igor"]
[Black "Marcinczyk, Monika"]
[Result "1-0"]
[WhiteElo "2349"]
[BlackElo "2090"]
[EventDate "2021.07.10"]
[PlyCount "77"]
[LiveChessVersion "1.4.8"]

1.Nf3 {[%clk 1:30:58]} 1...Nf6 {[%clk 1:29:48]} 2.e3 {[%clk 1:30:47]} 2...d5
{[%clk 1:29:30]} 3.b3 {[%clk 1:31:12]} 3...Bf5 {[%clk 1:25:39]} 4.Bb2 {[%clk
1:31:37]} 4...e6 {[%clk 1:25:20]} 5.Be2 {[%clk 1:31:57]} 5...h6 {[%clk 1:25:11]}
6.O-O {[%clk 1:32:07]} 6...Be7 {[%clk 1:20:20]} 7.d3 {[%clk 1:32:21]} 7...O-O
{[%clk 1:15:34]} 8.Nbd2 {[%clk 1:31:27]} 8...Nbd7 {[%clk 1:13:20]} 9.Qe1 {[%clk
1:26:37]} 9...c6 {[%clk 1:03:32]} 10.Nd4 {[%clk 1:21:14]} 10...Bh7 {[%clk
0:56:31]} 11.f4 {[%clk 1:21:35]} 11...Qc7 {[%clk 0:51:29]} 12.Qg3 {[%clk
1:14:58]} 12...c5 {[%clk 0:44:27]} 13.N4f3 {[%clk 1:13:50]} 13...d4 {[%clk
0:37:25]} 14.Nc4 {[%clk 1:03:58]} 14...Nd5 {[%clk 0:30:38]} 15.exd4 {[%clk
1:02:00]} 15...Nxf4 {[%clk 0:29:29]} 16.Bd1 {[%clk 1:02:16]} 16...Nd5 {[%clk
0:25:15]} 17.Qxc7 {[%clk 0:53:05]} 17...Nxc7 {[%clk 0:25:42]} 18.Nfe5 {[%clk
0:53:29]} 18...Nf6 {[%clk 0:22:13]} 19.Ba3 {[%clk 0:50:40]} 19...Na6 {[%clk
0:15:41]} 20.Bf3 {[%clk 0:48:56]} 20...Nd5 {[%clk 0:15:37]} 21.Na5 {[%clk
0:33:20]} 21...Nab4 {[%clk 0:09:16]} 22.c4 {[%clk 0:15:01]} 22...Ne3 {[%clk
0:08:33]} 23.Bxb4 {[%clk 0:15:05]} 23...cxb4 {[%clk 0:07:44]} 24.Rf2 {[%clk
0:13:09]} 24...Rad8 {[%clk 0:05:20]} 25.Bxb7 {[%clk 0:05:09]} 25...Rxd4 {[%clk
0:05:30]} 26.Nac6 {[%clk 0:04:49]} 26...Bf6 {[%clk 0:04:19]} 27.Rxf6 {[%clk
0:01:04]} 27...gxf6 {[%clk 0:04:35]} 28.Nxd4 {[%clk 0:01:30]} 28...fxe5 {[%clk
0:04:42]} 29.Nc6 {[%clk 0:01:57]} 29...Nc2 {[%clk 0:01:48]} 30.Rc1 {[%clk
0:02:09]} 30...Bxd3 {[%clk 0:01:02]} 31.Nxe5 {[%clk 0:02:35]} 31...Bf5 {[%clk
0:01:08]} 32.c5 {[%clk 0:02:30]} 32...Nd4 {[%clk 0:01:22]} 33.Rc4 {[%clk
0:02:44]} 33...Nb5 {[%clk 0:00:47]} 34.Rxb4 {[%clk 0:02:56]} 34...Nc7 {[%clk
0:01:07]} 35.Rd4 {[%clk 0:02:43]} 35...f6 {[%clk 0:01:11]} 36.Nc6 {[%clk
0:02:27]} 36...e5 {[%clk 0:01:04]} 37.Rd6 {[%clk 0:02:45]} 37...Kf7 {[%clk
0:00:53]} 38.Nxa7 {[%clk 0:03:02]} 38...e4 {[%clk 0:00:56]} 39.Bxe4 {[%clk
0:03:19]} 1-0

[Event "Najdorf Memorial"]
[Site "Warsaw POL"]
[Date "2021.07.13"]
[Round "4.24"]
[White "Deszczynski, Adam"]
[Black "Zysko, Jan"]
[Result "1-0"]
[WhiteElo "2311"]
[BlackElo "2080"]
[EventDate "2021.07.10"]
[PlyCount "63"]
[LiveChessVersion "1.4.8"]

1.d4 {[%clk 1:29:10]} 1...d5 {[%clk 1:29:49]} 2.c4 {[%clk 1:28:33]} 2...c6
{[%clk 1:30:16]} 3.Nf3 {[%clk 1:27:44]} 3...Nf6 {[%clk 1:30:41]} 4.e3 {[%clk
1:26:08]} 4...Bf5 {[%clk 1:30:42]} 5.Nc3 {[%clk 1:22:48]} 5...e6 {[%clk
1:30:46]} 6.Be2 {[%clk 1:08:12]} 6...Nbd7 {[%clk 1:30:18]} 7.Nh4 {[%clk
1:04:57]} 7...Be4 {[%clk 1:28:54]} 8.f3 {[%clk 1:01:37]} 8...Bg6 {[%clk
1:29:00]} 9.g3 {[%clk 0:47:46]} 9...Be7 {[%clk 1:13:19]} 10.a3 {[%clk 0:44:19]}
10...O-O {[%clk 1:11:52]} 11.Nxg6 {[%clk 0:39:40]} 11...hxg6 {[%clk 1:12:19]}
12.c5 {[%clk 0:36:48]} 12...e5 {[%clk 1:06:57]} 13.b4 {[%clk 0:33:57]} 13...b6
{[%clk 1:00:28]} 14.O-O {[%clk 0:27:41]} 14...Ne8 {[%clk 0:55:09]} 15.Bd3
{[%clk 0:23:09]} 15...Bf6 {[%clk 0:54:33]} 16.Na4 {[%clk 0:21:04]} 16...exd4
{[%clk 0:49:18]} 17.e4 {[%clk 0:21:20]} 17...Nc7 {[%clk 0:46:05]} 18.Bf4 {[%clk
0:15:57]} 18...b5 {[%clk 0:27:40]} 19.Nb2 {[%clk 0:15:28]} 19...Ne5 {[%clk
0:27:28]} 20.Bxe5 {[%clk 0:15:29]} 20...Bxe5 {[%clk 0:27:49]} 21.f4 {[%clk
0:15:45]} 21...Bf6 {[%clk 0:22:36]} 22.e5 {[%clk 0:16:03]} 22...Be7 {[%clk
0:23:05]} 23.f5 {[%clk 0:14:15]} 23...Bg5 {[%clk 0:19:00]} 24.fxg6 {[%clk
0:08:26]} 24...fxg6 {[%clk 0:19:28]} 25.Qg4 {[%clk 0:07:54]} 25...Qe7 {[%clk
0:15:51]} 26.h4 {[%clk 0:05:43]} 26...Be3+ {[%clk 0:15:47]} 27.Kg2 {[%clk
0:05:06]} 27...Qe6 {[%clk 0:12:25]} 28.Qxg6 {[%clk 0:05:01]} 28...Qxg6 {[%clk
0:12:38]} 29.Bxg6 {[%clk 0:05:29]} 29...a5 {[%clk 0:11:34]} 30.Nd3 {[%clk
0:05:32]} 30...Rxf1 {[%clk 0:06:43]} 31.Rxf1 {[%clk 0:05:52]} 31...Rf8 {[%clk
0:07:04]} 32.Bh7+ {[%clk 0:05:48]} 1-0

[Event "Najdorf Memorial"]
[Site "Warsaw POL"]
[Date "2021.07.13"]
[Round "4.25"]
[White "Reza, Wojciech"]
[Black "Goraj, Barbara"]
[Result "1/2-1/2"]
[WhiteElo "2304"]
[BlackElo "2076"]
[EventDate "2021.07.10"]
[PlyCount "74"]
[LiveChessVersion "1.4.8"]

1.d4 {[%clk 1:27:50]} 1...d5 {[%clk 1:30:51]} 2.c4 {[%clk 1:27:46]} 2...e6
{[%clk 1:31:11]} 3.Nf3 {[%clk 1:20:59]} 3...Nf6 {[%clk 1:31:20]} 4.Nc3 {[%clk
1:18:29]} 4...Be7 {[%clk 1:30:08]} 5.Bg5 {[%clk 1:16:59]} 5...h6 {[%clk
1:29:42]} 6.Bxf6 {[%clk 1:14:03]} 6...Bxf6 {[%clk 1:29:49]} 7.e3 {[%clk
1:14:24]} 7...O-O {[%clk 1:29:41]} 8.Qb3 {[%clk 1:03:53]} 8...c6 {[%clk
1:25:12]} 9.Be2 {[%clk 1:00:10]} 9...Nd7 {[%clk 1:22:25]} 10.Rd1 {[%clk
0:56:22]} 10...Nb6 {[%clk 1:04:54]} 11.O-O {[%clk 0:50:20]} 11...Nxc4 {[%clk
0:57:00]} 12.Bxc4 {[%clk 0:50:36]} 12...dxc4 {[%clk 0:57:23]} 13.Qxc4 {[%clk
0:51:04]} 13...Qa5 {[%clk 0:50:19]} 14.b4 {[%clk 0:48:53]} 14...Qh5 {[%clk
0:48:28]} 15.Ne4 {[%clk 0:44:06]} 15...Be7 {[%clk 0:47:23]} 16.Ne5 {[%clk
0:43:06]} 16...f6 {[%clk 0:44:06]} 17.Ng3 {[%clk 0:42:54]} 17...Qe8 {[%clk
0:39:41]} 18.Nd3 {[%clk 0:43:06]} 18...Bd6 {[%clk 0:35:26]} 19.e4 {[%clk
0:34:14]} 19...Bb8 {[%clk 0:29:55]} 20.Rfe1 {[%clk 0:25:45]} 20...Qf7 {[%clk
0:28:42]} 21.e5 {[%clk 0:25:12]} 21...f5 {[%clk 0:27:26]} 22.a4 {[%clk 0:20:46]}
22...a5 {[%clk 0:24:01]} 23.b5 {[%clk 0:16:06]} 23...cxb5 {[%clk 0:22:32]}
24.axb5 {[%clk 0:10:41]} 24...b6 {[%clk 0:15:03]} 25.Nf4 {[%clk 0:10:44]}
25...Ra7 {[%clk 0:12:24]} 26.d5 {[%clk 0:08:44]} 26...exd5 {[%clk 0:12:19]}
27.Qd4 {[%clk 0:09:11]} 27...Re8 {[%clk 0:06:39]} 28.Qxb6 {[%clk 0:07:16]}
28...Bxe5 {[%clk 0:05:41]} 29.Rxd5 {[%clk 0:04:14]} 29...Rae7 {[%clk 0:04:40]}
30.Qc5 {[%clk 0:01:35]} 30...Bxf4 {[%clk 0:01:53]} 31.Rxe7 {[%clk 0:01:59]}
31...Qxe7 {[%clk 0:02:01]} 32.Qxe7 {[%clk 0:02:21]} 32...Rxe7 {[%clk 0:02:24]}
33.Rd8+ {[%clk 0:02:49]} 33...Kf7 {[%clk 0:01:15]} 34.Rxc8 {[%clk 0:03:15]}
34...Bxg3 {[%clk 0:00:57]} 35.fxg3 {[%clk 0:02:52]} 35...Rb7 {[%clk 0:00:38]}
36.Rc5 {[%clk 0:03:04]} 36...g6 {[%clk 0:00:44]} 37.b6 {[%clk 0:03:26]}
37...Rxb6 {[%clk 0:01:09]} 1/2-1/2